The noble scholar, jurist, historian


 His Excellency Dr. Abdul Wahhab bin Ibrahim Abu Sulaiman, may Allah have mercy on him.


 He was born in Umm Al-Qura in the year 1356 AH.

أحكام الهزل في الفقه الإسلامي (Record no. 8268)

MARC details
000 -LEADER
fixed length control field 01312ntm a2200277 a 4500
003 - CONTROL NUMBER IDENTIFIER
control field SA-RiAUC
005 - DATE AND TIME OF LATEST TRANSACTION
control field 20250523142212.0
006 - FIXED-LENGTH DATA ELEMENTS--ADDITIONAL MATERIAL CHARACTERISTICS
fixed length control field m f d             
007 - PHYSICAL DESCRIPTION FIXED FIELD--GENERAL INFORMATION
fixed length control field co uu ---uuauu         
008 - FIXED-LENGTH DATA ELEMENTS--GENERAL INFORMATION
fixed length control field 250522s1996 su ||||f|f dm m 000 ara c
040 ## - CATALOGING SOURCE
Original cataloging agency SA-JeALM
Language of cataloging ara
Transcribing agency SA-RiAUC
Description conventions rda
082 04 - DEWEY DECIMAL CLASSIFICATION NUMBER
Classification number 251.22
090 ## - LOCALLY ASSIGNED LC-TYPE CALL NUMBER (OCLC); LOCAL CALL NUMBER (RLIN)
Classification number (OCLC) (R) ; Classification number, CALL (RLIN) (NR) ر 251.22
Local cutter number (OCLC) ; Book number/undivided call number, CALL (RLIN) ا ن ص
100 1# - MAIN ENTRY--PERSONAL NAME
Personal name أنصاري، عبد الله بن فخري بن محمود
245 10 - TITLE STATEMENT
Title أحكام الهزل في الفقه الإسلامي
Medium [ملف كمبيوتر] :
Remainder of title دراسة فقهية أصولية موازنة /
Statement of responsibility, etc. إعداد عبد الله بن فخري بن محمود أنصاري ؛ إشراف أحمد فهمي أبو سنة.
260 ## - PUBLICATION, DISTRIBUTION, ETC.
Date of publication, distribution, etc. 1997
264 ## - PRODUCTION, PUBLICATION, DISTRIBUTION, MANUFACTURE, AND COPYRIGHT NOTICE
Place of production, publication, distribution, manufacture مكة المكرمة :
Name of producer, publisher, distributor, manufacturer جامعة ام القرى - كلية الشريعة والدراسات الاسلامية.
Date of production, publication, distribution, manufacture, or copyright notice 1997
300 ## - PHYSICAL DESCRIPTION
Extent 2 ج في 1 مجلد.
Dimensions 30 سم.
500 ## - GENERAL NOTE
General note إشراف : أحمد فهمي أبو سنة.
502 ## - DISSERTATION NOTE
Dissertation note أطروحة (ماجستير)-جامعة أم القرى، كلية الشريعة، 1997.
534 ## - ORIGINAL VERSION NOTE
Introductory phrase الأصل الورقي
650 #7 - SUBJECT ADDED ENTRY--TOPICAL TERM
Topical term or geographic name entry element أصول الفقه الإسلامي
Source of heading or term aucsh
650 #7 - SUBJECT ADDED ENTRY--TOPICAL TERM
Topical term or geographic name entry element الحكم (أصول فقه)
Source of heading or term aucsh
942 ## - ADDED ENTRY ELEMENTS (KOHA)
Source of classification or shelving scheme Dewey Decimal Classification
Koha item type رسالة علمية
Suppress in OPAC No
949 ## - LOCAL PROCESSING INFORMATION (OCLC)
a SA-JeALM
d 250522
u osman123
n 1
Holdings
Withdrawn status Lost status Source of classification or shelving scheme Materials specified (bound volume or other part) Damaged status Not for loan Home library Current library Date acquired Total checkouts Full call number Barcode Date last seen Price effective from Koha item type
    Dewey Decimal Classification المجلد الاول (الجزء الاول و الثاني)     DR AbdElwahab Library DR AbdElwahab Library 05/23/2025   ر 251.22 ا ن ص 000013776 05/23/2025 05/23/2025 رسالة علمية